Died in Office or Not - Statistics

General Stats
  • This quiz has been taken 50 times
  • The average score is 5 of 8
Answers on the Grid
Answers color-coded by a green-red scale on the quiz's grid according to % correct below.
Abraham Licoln
Rutherford B. Hayes
Andrew Jackson
William McKinley
Warren G. Harding
Ronald Reagan
Donald Trump
George W. Bush
James A. Garfield
William Henry Harrison
Benjamin Harrison
Zachary Taylor
Theodore Roosevelt
John F. Kennedy
Franklin Pierce
Franklin D. Roosevelt
 
Answer Stats
Answer % Correct
Abraham Licoln
94%
John F. Kennedy
81%
James A. Garfield
65%
Franklin D. Roosevelt
61%
William McKinley
61%
Warren G. Harding
58%
Zachary Taylor
58%
William Henry Harrison
55%
No matching quizzes found
Score Distribution
Percent of People with Each Score
Percentile by Number Answered
Your Score History
You have not taken this quiz